Weil representation I : intertwining distributions and discrete spectrum

Αποθηκεύτηκε σε:
Λεπτομέρειες βιβλιογραφικής εγγραφής
Κύριος συγγραφέας: Rallis, Stephen 1942-
Άλλοι συγγραφείς: Schiffmann, Gerard 1940-
Μορφή: Βιβλίο
Γλώσσα:English
Δημοσίευση: Providence : American Mathematical Society, 1980
Σειρά:Memoirs of the American Mathematical Society ; ; 231
Θέματα:
Ετικέτες: Προσθήκη ετικέτας
Δεν υπάρχουν, Καταχωρήστε ετικέτα πρώτοι!

MARC

LEADER 00000cam a2200000 i 4500
001 1/49016
008 941103s1980 eng d
020 |a 0821822314 
035 |l 10043498 
035 |a 1993 
040 |a GR-MY-UA  |b gre  |e aacr 
041 0 |a eng 
082 0 |a 512.55 
100 1 |a Rallis, Stephen  |d 1942- 
245 1 0 |a Weil representation I :  |b intertwining distributions and discrete spectrum /  |c Stephen Rallis and Gerard Schiffmann 
260 |a Providence :   |b American Mathematical Society,   |c 1980 
300 |a iii, 203 p.;  |c 26 cm 
490 1 |a Memoirs of the American Mathematical Society  |v ; 231 
500 |a "Volume 25 ... (second of 3 numbers)" 
504 |a Includes bibliographical references 
650 0 0 |a Lie groups. 
650 0 0 |a Representations of groups. 
650 0 0 |a Spectral theory (Mathematics) 
700 1 |a Schiffmann, Gerard  |d 1940- 
830 0 |a Memoirs of the American Mathematical Society ;  |v ; 231 
852 |a INST  |b SAMOS  |e 19941103  |h 512.55 RAL  |p 005300002477  |q 005300002477  |t BK  |y 0 
909 |a Σ  |b 034503